A propaedeutics of translation studies

Podrobná bibliografia
Hlavní autori: Bednárová Gibová, Klaudia, 1983- (Autor), Gavurová, Miroslava, 1976- (Autor), Gresty, Jonathan, 1965- (Autor)
Ďalší autori: Chernovaty, Leonid, 1950- (Recenzent), Perez, Emília, 1985- (Recenzent), Karnaukh, Katsiaryna (Autor obálky)
Médium: Kniha
Jazyk:angličtina
Fyzický popis:192 strán grafy, ilustrácie, schémy 25 cm
Vydavateľské údaje: Prešov Vydavateľstvo Prešovskej univerzity 2024
ISBN:9788055533025
9788055532943
Vydanie:Edition first
Predmet:
On-line prístup:https://www.pulib.sk/web/kniznica/ekpub/dokument/Gibova9

MARC

LEADER 00000cam a2200000 4500
001 vtls012265872
003 SK-MaSNL
005 20260302025939.0
008 241023s2024 xo al f np 000 0 eng
015 |a SNBA2025/01 
020 |a 9788055533025  |q (brožované) 
020 |a 9788055532943  |q (online) 
040 |a SNK  |b slo  |c SNK  |e rda 
041 0 |a eng 
044 |a xo  |c SK 
072 7 |a 81  |x Lingvistika. Jazyky  |2 konspekt 
072 7 |a 37.016  |x Učebné osnovy. Vyučovacie predmety. Učebnice  |2 konspekt 
080 |a 81`25  |2 2011 
080 |a 801.73  |2 2011 
080 |a 81'25-051  |2 2001 
080 |a (075.8)  |2 2011 
100 1 |a Bednárová Gibová, Klaudia,  |d 1983-  |4 aut  |9 229622 
245 1 2 |a A propaedeutics of translation studies  |c Klaudia Bednárová-Gibová, Miroslava Gavurová, Jonathan Gresty 
250 |a Edition first 
264 1 |a Prešov  |b Vydavateľstvo Prešovskej univerzity  |c 2024 
300 |a 192 strán  |b grafy, ilustrácie, schémy  |c 25 cm 
336 |a text  |b txt  |2 rdacontent 
337 |a bez média  |b n  |2 rdamedia 
338 |a zväzok  |b nc  |2 rdacarrier 
366 |e 150 kusov 
500 |a Vydala Prešovská univerzita v Prešove vo Vydavateľstve Prešovskej univerzity 
500 |a Obsahuje poznámky pod čiarou 
500 |a Obsahuje zoznam obrázkov a tabuliek, zoznam skratiek a symbolov a slovník 
500 |a Obsahuje profesijné údaje o autoroch na zadnej strane obálky 
504 |a Obsahuje bibliografiu a bibliografické odkazy 
650 0 7 |a translatológia  |2 SNKPH  |9 156008 
650 0 7 |a prekladateľstvo  |2 SNKPH  |9 3499 
650 0 7 |a textová analýza  |2 SNKPH  |9 4010 
650 0 7 |a Translatology  |2 SNKPHeng  |9 265628 
650 0 7 |a Translating  |2 SNKPHeng  |9 266002 
650 0 7 |a Textual criticism  |2 SNKPHeng  |9 314123 
650 0 7 |a prekladatelia  |2 SNKPH  |9 56923 
650 0 7 |a Translators  |2 SNKPHeng  |9 331922 
655 7 |a učebnice vysokých škôl  |2 SNKPH  |9 70191 
655 7 |a Textbooks (higher)  |2 SNKPHeng  |9 276436 
700 1 |a Gavurová, Miroslava,  |d 1976-  |4 aut  |9 109823 
700 1 |a Gresty, Jonathan,  |d 1965-  |4 aut  |9 215018 
700 1 |a Chernovaty, Leonid,  |d 1950-  |4 rev  |9 252454 
700 1 |a Perez, Emília,  |d 1985-  |4 rev  |9 220081 
700 1 |a Karnaukh, Katsiaryna  |4 bjd  |9 414986 
710 2 |a Prešovská univerzita v Prešove  |4 pbl  |9 177485 
852 |a Slovenská národná knižnica 
856 4 2 |u https://www.pulib.sk/web/kniznica/ekpub/dokument/Gibova9 
919 |a 978-80-555-3302-5 
919 |a 978-80-555-3294-3 
954 |a odborná, vedecká literatúra pôvodná (slovenská)  |2 lita 
958 |a NB 
999 |c 1045769  |d 1047699 
952 |a SNK  |b SNK  |y PREZ  |7 0  |p 17A1562839  |o snkSC 208770  |i snk2024/18632  |8 0  |0 0  |1 0  |4 0  |d 2024-12-17  |l 0  |r 2025-11-03 00:00:00  |w 2026-02-24 
952 |a SNK  |b SNK  |y VYP  |7 0  |p 17A1562840  |o snkSC 208770 D1  |i snk2024/18633  |8 0  |0 0  |1 0  |4 0  |d 2024-12-17  |l 0  |r 2026-02-24 14:38:31  |w 2026-02-24